Central Library OPAC University of Rajshahi

Ideology and social welfare / (Record no. 1626)

MARC details
000 -LEADER
fixed length control field 00917nam a2200313 i 4500
001 - CONTROL NUMBER
control field 1626
003 - CONTROL NUMBER IDENTIFIER
rucl marc code BD-RjUL
005 - DATE AND TIME OF LATEST TRANSACTION
control field 20211208233356.0
008 - FIXED-LENGTH DATA ELEMENTS--GENERAL INFORMATION
fixed length control field 1 s1976 enk b 001 0 eng
020 ## - INTERNATIONAL STANDARD BOOK NUMBER
International Standard Book Number 0710082738.
-- 0710082908
035 ## - SYSTEM CONTROL NUMBER
System control number (BD-RjUL)1653
040 ## - CATALOGING SOURCE
Original cataloging agency DLC
Transcribing agency DLC
Modifying agency DLC
-- BD-RjUL
Language of cataloging eng
041 ## - LANGUAGE CODE
Language code of text/sound track or separate title eng
082 00 - DEWEY DECIMAL CLASSIFICATION NUMBER
Classification number 361.6201
Author mark and year GEI 1976
100 1# - MAIN ENTRY--PERSONAL NAME
Personal name George, Victor.
9 (RLIN) 5382
245 10 - TITLE STATEMENT
Title Ideology and social welfare /
Statement of responsibility, etc. Vic George and Paul Wilding.
260 ## - PUBLICATION, DISTRIBUTION, ETC. (IMPRINT)
Place of publication, distribution, etc. London ;
-- Boston :
Name of publisher, distributor, etc. Routledge & K. Paul,
Date of publication, distribution, etc. 1976.
300 ## - PHYSICAL DESCRIPTION
Pagination ix, 162 p. ;
Size 22 cm.
490 0# - SERIES STATEMENT
Series statement Radical social policy
504 ## - BIBLIOGRAPHY, ETC. NOTE
Bibliography, etc Bibliography: p. 152-157.
Bibliography, etc Includes indexes.
650 #0 - SUBJECT ADDED ENTRY--TOPICAL TERM
Topical term or geographic name as entry element Social policy.
9 (RLIN) 3510
Topical term or geographic name as entry element Welfare state.
9 (RLIN) 5383
Topical term or geographic name as entry element Social justice.
9 (RLIN) 5384
700 1# - ADDED ENTRY--PERSONAL NAME
Personal name Wilding, Paul,
Relator term joint author.
942 ## - ADDED ENTRY ELEMENTS (KOHA)
Source of classification or shelving scheme Dewey Decimal Classification
Koha item type Books
Holdings
Lost status Source of classification or shelving scheme Damaged status Not for loan Collection code Permanent Location Current Location Shelving location Date acquired Source of acquisition Cost, normal purchase price Total Checkouts Full call number Date last seen Copy number Koha item type
  Dewey Decimal Classification   Not For Loan Non-fiction Central Library, University of Rajshahi Central Library, University of Rajshahi Reading Room 30/10/1978 Heffers 4.25   361.6201 GEI 1976 08/12/2013 C-1 Books